=LDR 00000nam 2200000 4500 =001 000651 =005 20250711011916 =035 ##$$a 0010-0725000519 =007 ta =008 250711################a##########0#ind## =020 ##$$a 978-623-472-025-9 =082 ##$$a 398.209 598 =100 #$$a Bhavini =245 1#$$a Untuk apa benda ini? /$c Bhavini =250 ##$$a Pertama =260 ##$$a Jakarta :$b Badan pengembangan dan pembinaan bahasa,$c 2022 =300 ##$$a 36 hlm. : $b ilus. ; $c 22,9 cm =650 #4$$a Cerita anak Indonesia terjemahan Inggris =650 #4$$a Literasi bahan bacaan =700 #$$a Chaaya Prabhat =084 ##$$a 398.209 598 BHA u =990 ##$$a TBM202400419